| 000 | 01234nam a22002897a 4500 | ||
|---|---|---|---|
| 999 |
_c21912 _d21912 |
||
| 003 | AR-CdUCM | ||
| 008 | 190425b ||||| |||| 00| 0 spa d | ||
| 040 |
_aMUNICIPALIDAD PROVINCIAL DEL CUSCO _cBIBLIOTECA MUNICIPAL DEL CUSCO |
||
| 082 | _aRev.MA/N°7/2000 | ||
| 110 |
_aUniversidad Nacional De San Antonio Abad del Cusco _915942 |
||
| 245 |
_aMaestros Antonianos V : _bLuis Nieto Miranda cantos y batallas poesía édita / _cUniversidad Nacional de San Antonio Abad del Cusco |
||
| 260 |
_aCusco : _bUNSAAC, _c2000. |
||
| 300 |
_a236 páginas. : _c25 cm. |
||
| 440 |
_aEdiciones Especiales UNSAAC _nSiglo XX. N°7 _946802 |
||
| 505 | _aContenido: La escritura múltiple de un poeta íntegro. Mario Pantoja. -- Luis Nieto Miranda. Los poemas perversos. -- Puños en alto. -- Mariategui. -- Charango. La canción herida... | ||
| 650 |
_aIntelectuales cusqueños _946142 |
||
| 650 |
_aNarrativa cusqueña _910453 |
||
| 650 |
_aEscritores cusqueños _910661 |
||
| 650 |
_aPoetas cusqueños _95956 |
||
| 650 |
_aPoesía _946803 |
||
| 650 |
_aLiteratura cusqueña _946804 |
||
| 700 |
_aPantoja, Mario _96566 |
||
| 700 |
_aNieto Degregori, Luis _96534 |
||
| 700 |
_aNieto Miranda, Luis _931822 |
||
| 942 |
_2ddc _cPP |
||
| 945 | _arac | ||